000 00839nam a2200265Ia 4500
003 OSt
005 20220928125606.0
006 a|||||r|||| 00| 0
007 ta
008 220927b |||||||| |||| 00| 0 eng d
020 _a9781138240490
_cUKP 32.99
024 _a145801
037 _b74, 21/12/2021, Classic Book Service
_cTextual
040 _aSDCL
_cSDCL
_beng
041 _2eng
_aeng
082 _aR39(C16), R1
100 _aPower Sean Enda
_9470445
245 0 _aPhilosophy of time
_b A contemporary introduction
260 _aNew York
_b Routledge
_c2021
300 _axviii,309p.
_ccm.
490 _aRoutledgwe contemprary introdutions to philosophy
650 _aPhilosophy
942 _hR39(C16), R1
_cTEXL
_2CC
999 _c783161
_d783161